Slovník bezpečnostných vzťahov
Gespeichert in:
| 1. Verfasser: | |
|---|---|
| Format: | Buch |
| Sprache: | Slowakisch |
| Veröffentlicht: |
Bratislava
Smaragd pedagogické nakladateľstvo
2002
|
| Ausgabe: | 2. dopln. a uprav. vyd. |
| Schlagworte: | |
| Tags: |
Keine Tags, Fügen Sie das erste Tag hinzu!
|
MARC
| LEADER | 00000nam a2200000 4500 | ||
|---|---|---|---|
| 001 | c142545 | ||
| 005 | 20221124092934.4 | ||
| 020 | |a 80-89063-08-X | ||
| 041 | 0 | |a slo | |
| 044 | |a SK | ||
| 245 | 1 | 0 | |a Slovník bezpečnostných vzťahov |c Peter Kulašik a kolektív |
| 250 | |a 2. dopln. a uprav. vyd. | ||
| 264 | 1 | |a Bratislava |b Smaragd pedagogické nakladateľstvo |c 2002 | |
| 300 | |a 270 s. | ||
| 610 | 2 | 0 | |a bezpečnosť |
| 610 | 2 | 0 | |a politika bezpečnostná |
| 610 | 2 | 0 | |a vojny |
| 610 | 2 | 0 | |a inštitúcia |
| 610 | 2 | 0 | |a ochrana právna |
| 610 | 2 | 0 | |a spolupráca medzinárodná |
| 610 | 2 | 0 | |a zmluvy medzinárodné |
| 100 | 1 | |a Kulašik, Peter | |